All Poké Balls - Statistics

General Stats
  • This quiz has been taken 77 times
  • The average score is 26 of 38
Answer Stats
Description Answer % Correct
Poké Ball with 1x catching odds Poké Ball
100%
Poké Ball with 0.75x catching odds Poké Ball (Hisui)
100%
Poké Ball with 1.5x catching odds Great Ball
98%
Poké Ball with 1.5x catching odds Great Ball (Hisui)
98%
Poké Ball with 255x catching odds (guaranteed capture) Master Ball
96%
Poké Ball with 2x catching odds Ultra Ball
94%
Poké Ball with 2.25x catching odds Ultra Ball (Hisui)
94%
Poké Ball with 5x catching odds on the first turn of a battle Quick Ball
83%
Poké Ball with 8x catching odds on opposing Pokémon that are the same species but opposite gender as the player's Pokémon Love Ball
79%
Poké Ball with 3.5x catching odds on opposing Water- or Bug-type Pokémon Net Ball
79%
Poké Ball with 1x catching odds, obtained for every 10 Poké Balls purchased at a Poké Mart Premier Ball
79%
Poké Ball with 5x catching odds on Ultra Beasts, 0.1x catching odds on other Pokémon Beast Ball
77%
Poké Ball with higher odds the higher the opposing Pokémon's weight Heavy Ball
77%
Poké Ball with 1.25x catching odds on Pokémon that haven't noticed the player and in battle, 1x catching chance otherwise Heavy Ball (Hisui)
77%
Poké Ball with 1x catching odds, heals up any status conditions and restores all HP and PP of the caught Pokémon Heal Ball
74%
Poké Ball with 4x catching odds on Pokémon that are part of an evolutionary line of which at least 1 member evolves with a Moon Stone Moon Ball
74%
Poké Ball with 1x catching odds, only usable in Safari Zones or obtained through the Cram-o-matic Safari Ball
74%
Poké Ball with higher catching odds the more turns have passed in the battle Timer Ball
74%
Poké Ball with 3x catching odds on Pokémon encountered at night or in caves Dusk Ball
72%
Poké Ball with 1x catching odds, which sets the base friendship of the caught Pokémon to 150 or 200 depending on the game Friend Ball
72%
Poké Ball with 4x catching odds on Pokémon with a base Speed stat of 100 or more Fast Ball
70%
Poké Ball with 3.5x catching odds on water-dwelling Pokémon Dive Ball
68%
Poké Ball with higher catching odds the lower the opposing Pokémon's level is Nest Ball
68%
Poké Ball with higher odds the higher the level of the player's Pokémon compared to the opposing Pokémon Level Ball
66%
Poké Ball with 1x catching odds, doubles the rate at which the caught Pokémon's friendship increases Luxury Ball
66%
Poké Ball with 3.5x catching odds on Pokémon already registered as caught in the Pokédex Repeat Ball
66%
Poké Ball with 1x catching odds, only used for certain event Pokémon Cherish Ball
62%
Poké Ball with 4x catching odds on opposing Pokémon that are asleep Dream Ball
55%
Poké Ball with 4x catching odds on Pokémon encountered through fishing Lure Ball
55%
Poké Ball used to catch Origin Forme Dialga or Origin Forme Palkia in Pokémon Legends: Arceus Origin Ball
53%
Poké Ball with 255x catching odds (guaranteed capture) when used in Pal Park Park Ball
53%
Poké Ball with 1.25x catching odds when catching Pokémon flying high in the air, 1x catching odds otherwise Feather Ball
49%
Poké Ball with 1.75x catching odds when caching Pokémon flying high in the air, 1.5x catching odds otherwise Wing Ball
36%
Poké Ball with 2.75x catching odds when catching Pokémon flying high in the air, 2x catching odds otherwise Jet Ball
34%
Poké Ball with 1x catching odds, only usable in Bug-Catching Contests or obtained through the Cram-o-matic Sport Ball
34%
Poké Ball with 2.75x catching odds on Pokémon that haven't noticed the player and in battle, 2.5x catching chance otherwise Gigaton Ball
30%
Poké Ball with 2x catching odds on Pokémon that haven't noticed the player and in battle, 1.75x catching chance otherwise Leaden Ball
28%
Poké Ball with 0.75x catching odds, Poké Balls for Pokémon transferred to or from Pokémon Legends: Arceus change into this Poké Ball Strange Ball
26%
No matching quizzes found
Score Distribution
Percent of People with Each Score
Percentile by Number Answered
Your Score History
You have not taken this quiz